All Pokémon Moves in Alphabetical Order - Statistics

General Stats
  • This quiz has been taken 82 times
    3 since last reset
  • The average score is 184 of 935
Answer Stats
Move/Pokémon/Ability Answer % Correct
Move Bite
100%
Move Confusion
100%
Move Crunch
100%
Move Dig
100%
Move Earthquake
100%
Move Ember
100%
Move Explosion
100%
Move Flash
100%
Move Hyper Beam
100%
Move Ice Punch
100%
Move Karate Chop
100%
Move Psybeam
100%
Move Psychic
100%
Move Quick Attack
100%
Move Sky Attack
100%
Move Strength
100%
Move Tackle
100%
Move Thunder
100%
Move Thunder Punch
100%
Move Thunder Shock
100%
Move Transform
100%
Move Waterfall
100%
Move Water Spout
100%
Move Wing Attack
100%
Move Absorb
67%
Move Acrobatics
67%
Move Aerial Ace
67%
Move Avalanche
67%
Move Beat Up
67%
Move Belly Drum
67%
Move Blizzard
67%
Move Confuse Ray
67%
Move Cross Chop
67%
Move Cut
67%
Move Defog
67%
Move Dive
67%
Move Double Team
67%
Move Dragon Tail
67%
Move Drill Peck
67%
Move Electro Ball
67%
Move Energy Ball
67%
Move Extreme Speed
67%
Move Fake Out
67%
Move Feint
67%
Move Fire Blast
67%
Move Fire Fang
67%
Move Fire Punch
67%
Move Fissure
67%
Move Flamethrower
67%
Move Fly
67%
Move Focus Energy
67%
Move Frenzy Plant
67%
Move Fury Attack
67%
Move Giga Drain
67%
Move Giga Impact
67%
Move Growl
67%
Move Guillotine
67%
Move Gunk Shot
67%
Move Gyro Ball
67%
Move Harden
67%
Move Hex
67%
Move High Jump Kick
67%
Move Horn Attack
67%
Move Horn Drill
67%
Move Howl
67%
Move Hydro Pump
67%
Move Hypnosis
67%
Move Ice Beam
67%
Move Ice Fang
67%
Move Icicle Crash
67%
Move King's Shield
67%
Move Leaf Storm
67%
Move Lock-On
67%
Move Magnitude
67%
Move Mega Drain
67%
Move Mega Punch
67%
Move Metronome
67%
Move Minimize
67%
Move Mist
67%
Move Nightmare
67%
Move Peck
67%
Move Petal Dance
67%
Move Pin Missile
67%
Move Poison Jab
67%
Move Poison Powder
67%
Move Powder
67%
Move Powder Snow
67%
Move Psywave
67%
Move Rage
67%
Move Roar
67%
Move Rock Throw
67%
Move Rock Tomb
67%
Move Sand Attack
67%
Move Sand Tomb
67%
Move Self-Destruct
67%
Move Shadow Sneak
67%
Move Slash
67%
Move Sleep Powder
67%
Move Sonic Boom
67%
Move Spark
67%
Move Spiky Shield
67%
Move Splash
67%
Move Super Fang
67%
Move Supersonic
67%
Move Surf
67%
Move Swallow
67%
Move Tail Whip
67%
Move Teleport
67%
Move Thief
67%
Move Thunder Fang
67%
Move Toxic
67%
Move Vine Whip
67%
Move Wake-up Slap
67%
Move Water Gun
67%
Move Water Pulse
67%
Move Water Sport
67%
Move Whirlpool
67%
Move Agility
33%
Move Ally Switch
33%
Move Ancient Power
33%
Move Aqua Ring
33%
Move Astonish
33%
Move Attack Order
33%
Move Attract
33%
Move Aura Sphere
33%
Move Autotomize
33%
Move Baby-Doll Eyes
33%
Move Barrage
33%
Move Barrier
33%
Move Baton Pass
33%
Move Beak Blast
33%
Move Belch
33%
Move Blaze Kick
33%
Move Body Press
33%
Move Body Slam
33%
Move Bone Club
33%
Move Bonemerang
33%
Move Boomburst
33%
Move Bounce
33%
Move Brave Bird
33%
Move Breakneck Blitz
33%
Move Brick Break
33%
Move Bubble
33%
Move Bubble Beam
33%
Move Bug Bite
33%
Move Bulk Up
33%
Move Bullet Punch
33%
Move Bullet Seed
33%
Move Calm Mind
33%
Move Camouflage
33%
Move Charge
33%
Move Charge Beam
33%
Move Charm
33%
Move Chatter
33%
Move Clamp
33%
Move Clangorous Soul
33%
Move Clangorous Soulblaze
33%
Move Close Combat
33%
Move Coil
33%
Move Comet Punch
33%
Move Conversion
33%
Move Conversion 2
33%
Move Copycat
33%
Move Core Enforcer
33%
Move Cosmic Power
33%
Move Cotton Spore
33%
Move Counter
33%
Move Covet
33%
Move Crabhammer
33%
Move Cross Poison
33%
Move Crush Claw
33%
Move Crush Grip
33%
Move Curse
33%
Move Darkest Lariat
33%
Move Dark Pulse
33%
Move Dark Void
33%
Move Defend Order
33%
Move Destiny Bond
33%
Move Detect
33%
Move Dizzy Punch
33%
Move Doom Desire
33%
Move Double Slap
33%
Move Draco Meteor
33%
Move Dragon Ascent
33%
Move Dragon Breath
33%
Move Dragon Claw
33%
Move Dragon Dance
33%
Move Dragon Rage
33%
Move Dragon Rush
33%
Move Dream Eater
33%
Move Drill Run
33%
Move Earth Power
33%
Move Echoed Voice
33%
Move Embargo
33%
Move Encore
33%
Move Endeavor
33%
Move Eruption
33%
Move Facade
33%
Move Fairy Wind
33%
Move False Swipe
33%
Move Feather Dance
33%
Move Feint Attack
33%
Move Fell Stinger
33%
Move Fishious Rend
33%
Move Flail
33%
Move Flame Charge
33%
Move Flame Wheel
33%
Move Flash Cannon
33%
Move Flip Turn
33%
Move Floral Healing
33%
Move Focus Blast
33%
Move Focus Punch
33%
Move Follow Me
33%
Move Force Palm
33%
Move Forest's Curse
33%
Move Freeze-Dry
33%
Move Frustration
33%
Move Fury Cutter
33%
Move Fury Swipes
33%
Move Gear Grind
33%
Move Geomancy
33%
Move Glaciate
33%
Move Glare
33%
Move Grass Whistle
33%
Move Grassy Terrain
33%
Move Gravity
33%
Move Growth
33%
Move Guardian of Alola
33%
Move Hail
33%
Move Hammer Arm
33%
Move Haze
33%
Move Headbutt
33%
Move Heal Bell
33%
Move Heal Block
33%
Move Heal Order
33%
Move Heart Stamp
33%
Move Heat Crash
33%
Move Heat Wave
33%
Move Heavy Slam
33%
Move High Horsepower
33%
Move Hone Claws
33%
Move Horn Leech
33%
Move Hurricane
33%
Move Hydro Cannon
33%
Move Hyper Fang
33%
Move Hyper Voice
33%
Move Ice Ball
33%
Move Inferno
33%
Move Ingrain
33%
Move Ion Deluge
33%
Move Iron Defense
33%
Move Iron Head
33%
Move Iron Tail
33%
Move Judgment
33%
Move Jump Kick
33%
Move Kinesis
33%
Move Knock Off
33%
Move Lash Out
33%
Move Last Resort
33%
Move Lava Plume
33%
Move Leaf Blade
33%
Move Leech Life
33%
Move Leer
33%
Move Lick
33%
Move Light Screen
33%
Move Light That Burns the Sky
33%
Move Liquidation
33%
Move Low Kick
33%
Move Low Sweep
33%
Move Lunar Dance
33%
Move Magical Leaf
33%
Move Magma Storm
33%
Move Magnet Bomb
33%
Move Magnet Rise
33%
Move Make It Rain
33%
Move Meditate
33%
Move Me First
33%
Move Megahorn
33%
Move Mega Kick
33%
Move Memento
33%
Move Metal Claw
33%
Move Meteor Beam
33%
Move Meteor Mash
33%
Move Mimic
33%
Move Mirror Move
33%
Move Misty Terrain
33%
Move Moonblast
33%
Move Moonlight
33%
Move Mud Bomb
33%
Move Muddy Water
33%
Move Mud Shot
33%
Move Mud-Slap
33%
Move Mud Sport
33%
Move Nature Power
33%
Move Nature's Madness
33%
Move Night Slash
33%
Move Nuzzle
33%
Move Octazooka
33%
Move Odor Sleuth
33%
Move Outrage
33%
Move Parabolic Charge
33%
Move Pay Day
33%
Move Perish Song
33%
Move Pluck
33%
Move Poison Fang
33%
Move Poison Gas
33%
Move Poltergeist
33%
Move Pound
33%
Move Power Trip
33%
Move Protect
33%
Move Psycho Boost
33%
Move Psycho Cut
33%
Move Psych Up
33%
Move Pursuit
33%
Move Quiver Dance
33%
Move Rage Powder
33%
Move Rain Dance
33%
Move Rapid Spin
33%
Move Recover
33%
Move Recycle
33%
Move Rest
33%
Move Retaliate
33%
Move Return
33%
Move Revenge
33%
Move Roar of Time
33%
Move Rock Blast
33%
Move Rock Climb
33%
Move Rock Polish
33%
Move Rock Slide
33%
Move Rock Smash
33%
Move Rollout
33%
Move Sandstorm
33%
Move Scary Face
33%
Move Scratch
33%
Move Secret Power
33%
Move Seed Bomb
33%
Move Seed Flare
33%
Move Seismic Toss
33%
Move Shadow Ball
33%
Move Shadow Claw
33%
Move Sheer Cold
33%
Move Shell Smash
33%
Move Shock Wave
33%
Move Shore Up
33%
Move Signal Beam
33%
Move Silver Wind
33%
Move Simple Beam
33%
Move Sing
33%
Move Sketch
33%
Move Skull Bash
33%
Move Sky Uppercut
33%
Move Slack Off
33%
Move Sleep Talk
33%
Move Smart Strike
33%
Move Smelling Salts
33%
Move Smog
33%
Move Snore
33%
Move Soft-Boiled
33%
Move Solar Beam
33%
Move Spacial Rend
33%
Move Spider Web
33%
Move Spikes
33%
Move Spit Up
33%
Move Spore
33%
Move Stealth Rock
33%
Move Steel Beam
33%
Move Steel Wing
33%
Move Sticky Web
33%
Move Stomp
33%
Move Stone Edge
33%
Move String Shot
33%
Move Struggle
33%
Move Submission
33%
Move Substitute
33%
Move Sunny Day
33%
Move Swagger
33%
Move Sweet Kiss
33%
Move Swift
33%
Move Swords Dance
33%
Move Synthesis
33%
Move Tail Glow
33%
Move Take Down
33%
Move Techno Blast
33%
Move Teeter Dance
33%
Move Thousand Arrows
33%
Move Thousand Waves
33%
Move Thunderbolt
33%
Move Thunder Wave
33%
Move Topsy-Turvy
33%
Move Toxic Spikes
33%
Move Tri Attack
33%
Move Trick
33%
Move Trick Room
33%
Move Triple Axel
33%
Move Triple Kick
33%
Move Twinkle Tackle
33%
Move Twister
33%
Move U-turn
33%
Move Vacuum Wave
33%
Move V-create
33%
Move Volt Switch
33%
Move Volt Tackle
33%
Move Water Shuriken
33%
Move Weather Ball
33%
Move Whirlwind
33%
Move Wide Guard
33%
Move Will-O-Wisp
33%
Move Wish
33%
Move Wring Out
33%
Move X-Scissor
33%
Move Zap Cannon
33%
Move Zing Zap
33%
Move 10,000,000 Volt Thunderbolt
0%
Move Accelerock
0%
Move Acid
0%
Move Acid Armor
0%
Move Acid Downpour
0%
Move Acid Spray
0%
Move Acupressure
0%
Move Aeroblast
0%
Move After You
0%
Move Air Cutter
0%
Move Air Slash
0%
Move All-Out Pummeling
0%
Move Alluring Voice
0%
Move Amnesia
0%
Move Anchor Shot
0%
Move Apple Acid
0%
Move Aqua Cutter
0%
Move Aqua Jet
0%
Move Aqua Step
0%
Move Aqua Tail
0%
Move Armor Cannon
0%
Move Arm Thrust
0%
Move Aromatherapy
0%
Move Aromatic Mist
0%
Move Assist
0%
Move Assurance
0%
Move Astral Barrage
0%
Move Aura Wheel
0%
Move Aurora Beam
0%
Move Aurora Veil
0%
Move Axe Kick
0%
Move Baddy Bad
0%
Move Baneful Bunker
0%
Move Barb Barrage
0%
Move Behemoth Bash
0%
Move Behemoth Blade
0%
Move Bestow
0%
Move Bide
0%
Move Bind
0%
Move Bitter Blade
0%
Move Bitter Malice
0%
Move Black Hole Eclipse
0%
Move Blast Burn
0%
Move Blazing Torque
0%
Move Bleakwind Storm
0%
Move Block
0%
Move Blood Moon
0%
Move Bloom Doom
0%
Move Blue Flare
0%
Move Bolt Beak
0%
Move Bolt Strike
0%
Move Bone Rush
0%
Move Bouncy Bubble
0%
Move Branch Poke
0%
Move Breaking Swipe
0%
Move Brine
0%
Move Brutal Swing
0%
Move Bug Buzz
0%
Move Bulldoze
0%
Move Burning Bulwark
0%
Move Burning Jealousy
0%
Move Burn up
0%
Move Buzzy Buzz
0%
Move Captivate
0%
Move Catastropika
0%
Move Ceaseless Edge
0%
Move Celebrate
0%
Move Chilling Water
0%
Move Chilly Reception
0%
Move Chip Away
0%
Move Chloroblast
0%
Move Circle Throw
0%
Move Clanging Scales
0%
Move Clear Smog
0%
Move Coaching
0%
Move Collision Course
0%
Move Combat Torque
0%
Move Comeuppance
0%
Move Confide
0%
Move Constrict
0%
Move Continental Crush
0%
Move Corkscrew Crash
0%
Move Corrosive Gas
0%
Move Cotton Guard
0%
Move Court Change
0%
Move Crafty Shield
0%
Move Dazzling Gleam
0%
Move Decorate
0%
Move Defense Curl
0%
Move Devastating Drake
0%
Move Diamond Storm
0%
Move Dire Claw
0%
Move Disable
0%
Move Disarming Voice
0%
Move Discharge
0%
Move Doodle
0%
Move Double-Edge
0%
Move Double Hit
0%
Move Double Iron Bash
0%
Move Double Kick
0%
Move Double Shock
0%
Move Dragon Cheer
0%
Move Dragon Darts
0%
Move Dragon Energy
0%
Move Dragon Hammer
0%
Move Dragon Pulse
0%
Move Draining Kiss
0%
Move Drain Punch
0%
Move Drum Beating
0%
Move Dual Chop
0%
Move Dual Wingbeat
0%
Move Dynamax Cannon
0%
Move Dynamic Punch
0%
Move Eerie Impulse
0%
Move Eerie Spell
0%
Move Egg Bomb
0%
Move Electric Terrain
0%
Move Electrify
0%
Move Electro Drift
0%
Move Electro Shot
0%
Move Electroweb
0%
Move Endure
0%
Move Entrainment
0%
Move Esper Wing
0%
Move Eternabeam
0%
Move Expanding Force
0%
Move Extrasensory
0%
Move Extreme Evoboost
0%
Move Fairy Lock
0%
Move Fake Tears
0%
Move False Surrender
0%
Move Fickle Beam
0%
Move Fiery Dance
0%
Move Fiery Wrath
0%
Move Fillet Away
0%
Move Final Gambit
0%
Move Fire Lash
0%
Move Fire Pledge
0%
Move Fire Spin
0%
Move First Impression
0%
Move Flame Burst
0%
Move Flare Blitz
0%
Move Flatter
0%
Move Fleur Cannon
0%
Move Fling
0%
Move Floaty Fall
0%
Move Flower Shield
0%
Move Flower Trick
0%
Move Flying Press
0%
Move Foresight
0%
Move Foul Play
0%
Move Freeze Shock
0%
Move Freezing Glare
0%
Move Freezy Frost
0%
Move Frost Breath
0%
Move Fusion Bolt
0%
Move Fusion Flare
0%
Move Future Sight
0%
Move Gastro Acid
0%
Move Gear Up
0%
Move Genesis Supernova
0%
Move Gigaton Hammer
0%
Move Gigavolt Havoc
0%
Move Glacial Lance
0%
Move Glaive Rush
0%
Move Glitzy Glow
0%
Move G-Max Befuddle
0%
Move G-Max Cannonade
0%
Move G-Max Centiferno
0%
Move G-Max Chi Strike
0%
Move G-Max Cuddle
0%
Move G-Max Depletion
0%
Move G-Max Drum Solo
0%
Move G-Max Finale
0%
Move G-Max Fireball
0%
Move G-Max Foam Burst
0%
Move G-Max Gold Rush
0%
Move G-Max Gravitas
0%
Move G-Max Hydrosnipe
0%
Move G-Max Malodor
0%
Move G-Max Meltdown
0%
Move G-Max One Blow
0%
Move G-Max Rapid Flow
0%
Move G-Max Replenish
0%
Move G-Max Resonance
0%
Move G-Max Sandblast
0%
Move G-Max Smite
0%
Move G-Max Snooze
0%
Move G-Max Steelsurge
0%
Move G-Max Stonesurge
0%
Move G-Max Stun Shock
0%
Move G-Max Sweetness
0%
Move G-Max Tartness
0%
Move G-Max Terror
0%
Move G-Max Vine Lash
0%
Move G-Max Volcalith
0%
Move G-Max Volt Crash
0%
Move G-Max Wildfire
0%
Move G-Max Wind Rage
0%
Move Grass Knot
0%
Move Grass Pledge
0%
Move Grassy Glide
0%
Move Grav Apple
0%
Move Grudge
0%
Move Guard Split
0%
Move Guard Swap
0%
Move Gust
0%
Move Happy Hour
0%
Move Hard Press
0%
Move Head Charge
0%
Move Headlong Rush
0%
Move Head Smash
0%
Move Healing Wish
0%
Move Heal Pulse
0%
Move Heart Swap
0%
Move Helping Hand
0%
Move Hidden Power
0%
Move Hold Back
0%
Move Hold Hands
0%
Move Hydro Steam
0%
Move Hydro Vortex
0%
Move Hyper Drill
0%
Move Hyperspace Fury
0%
Move Hyperspace Hole
0%
Move Ice Burn
0%
Move Ice Hammer
0%
Move Ice Shard
0%
Move Ice Spinner
0%
Move Icicle Spear
0%
Move Icy Wind
0%
Move Imprison
0%
Move Incinerate
0%
Move Infernal Parade
0%
Move Inferno Overdrive
0%
Move Infestation
0%
Move Instruct
0%
Move Ivy Cudgel
0%
Move Jaw Lock
0%
Move Jet Punch
0%
Move Jungle Healing
0%
Move Kowtow Cleave
0%
Move Land's Wrath
0%
Move Laser Focus
0%
Move Last Respects
0%
Move Leafage
0%
Move Leaf Tornado
0%
Move Leech Seed
0%
Move Let's Snuggle Forever
0%
Move Life Dew
0%
Move Light of Ruin
0%
Move Lovely Kiss
0%
Move Lucky Chant
0%
Move Lumina Crash
0%
Move Lunar Blessing
0%
Move Lunge
0%
Move Luster Purge
0%
Move Mach Punch
0%
Move Magical Torque
0%
Move Magic Coat
0%
Move Magic Powder
0%
Move Magic Room
0%
Move Magnetic Flux
0%
Move Malicious Moonsault
0%
Move Malignant Chain
0%
Move Mat Block
0%
Move Matcha Gotcha
0%
Move Max Airstream
0%
Move Max Darkness
0%
Move Max Flare
0%
Move Max Flutterby
0%
Move Max Geyser
0%
Move Max Guard
0%
Move Max Hailstorm
0%
Move Max Knuckle
0%
Move Max Lightning
0%
Move Max Mindstorm
0%
Move Max Ooze
0%
Move Max Overgrowth
0%
Move Max Phantasm
0%
Move Max Quake
0%
Move Max Rockfall
0%
Move Max Starfall
0%
Move Max Steelspike
0%
Move Max Strike
0%
Move Max Wyrmwind
0%
Move Mean Look
0%
Move Menacing Moonraze Maelstrom
0%
Move Metal Burst
0%
Move Metal Sound
0%
Move Meteor Assault
0%
Move Mighty Cleave
0%
Move Milk Drink
0%
Move Mind Blown
0%
Move Mind Reader
0%
Move Miracle Eye
0%
Move Mirror Coat
0%
Move Mirror Shot
0%
Move Mist Ball
0%
Move Misty Explosion
0%
Move Moongeist Beam
0%
Move Morning Sun
0%
Move Mortal Spin
0%
Move Mountain Gale
0%
Move Multi-Attack
0%
Move Mystical Fire
0%
Move Mystical Power
0%
Move Nasty Plot
0%
Move Natural Gift
0%
Move Needle Arm
0%
Move Never-Ending Nightmare
0%
Move Night Daze
0%
Move Night Shade
0%
Move Nihil Life
0%
Move Noble Roar
0%
Move No Retreat
0%
Move Noxious Torque
0%
Move Oblivion Wing
0%
Move Obstruct
0%
Move Oceanic Operetta
0%
Move Octolock
0%
Move Ominous Wind
0%
Move Order Up
0%
Move Origin Pulse
0%
Move Overdrive
0%
Move Overheat
0%
Move Pain Split
0%
Move Parting Shot
0%
Move Payback
0%
Move Petal Blizzard
0%
Move Phantom Force
0%
Move Photon Geyser
0%
Move Pika Papow
0%
Move Plasma Fists
0%
Move Play Nice
0%
Move Play Rough
0%
Move Poison Sting
0%
Move Poison Tail
0%
Move Pollen Puff
0%
Move Population Bomb
0%
Move Pounce
0%
Move Power Gem
0%
Move Power Shift
0%
Move Power Split
0%
Move Power Swap
0%
Move Power Trick
0%
Move Power-up Punch
0%
Move Power Whip
0%
Move Precipice Blades
0%
Move Present
0%
Move Prismatic Laser
0%
Move Psyblade
0%
Move Psychic Fangs
0%
Move Psychic Noise
0%
Move Psychic Terrain
0%
Move Psycho Shift
0%
Move Psyshield Bash
0%
Move Psyshock
0%
Move Psystrike
0%
Move Pulverizing Pancake
0%
Move Punishment
0%
Move Purify
0%
Move Pyro Ball
0%
Move Quash
0%
Move Quick Guard
0%
Move Rage Fist
0%
Move Raging Bull
0%
Move Raging Fury
0%
Move Razor Leaf
0%
Move Razor Shell
0%
Move Razor Wind
0%
Move Reflect
0%
Move Reflect Type
0%
Move Refresh
0%
Move Relic Song
0%
Move Revelation Dance
0%
Move Reversal
0%
Move Revival Blessing
0%
Move Rising Voltage
0%
Move Rock Wrecker
0%
Move Role Play
0%
Move Rolling Kick
0%
Move Roost
0%
Move Rototiller
0%
Move Round
0%
Move Ruination
0%
Move Sacred Fire
0%
Move Sacred Sword
0%
Move Safeguard
0%
Move Salt Cure
0%
Move Sandsear Storm
0%
Move Sappy Seed
0%
Move Savage Spin-Out
0%
Move Scald
0%
Move Scale Shot
0%
Move Scorching Sands
0%
Move Screech
0%
Move Searing Shot
0%
Move Searing Sunraze Smash
0%
Move Secret Sword
0%
Move Shadow Bone
0%
Move Shadow Force
0%
Move Shadow Punch
0%
Move Sharpen
0%
Move Shattered Psyche
0%
Move Shed Tail
0%
Move Shell Side Arm
0%
Move Shell Trap
0%
Move Shelter
0%
Move Shift Gear
0%
Move Silk Trap
0%
Move Sinister Arrow Raid
0%
Move Sizzly Slide
0%
Move Skill Swap
0%
Move Skitter Smack
0%
Move Sky Drop
0%
Move Slam
0%
Move Sludge
0%
Move Sludge Bomb
0%
Move Sludge Wave
0%
Move Smack Down
0%
Move Smokescreen
0%
Move Snap Trap
0%
Move Snarl
0%
Move Snatch
0%
Move Snipe Shot
0%
Move Snowscape
0%
Move Soak
0%
Move Solar Blade
0%
Move Soul-Stealing 7-Star Strike
0%
Move Sparkling Aria
0%
Move Sparkly Swirl
0%
Move Spectral Thief
0%
Move Speed Swap
0%
Move Spicy Extract
0%
Move Spike Cannon
0%
Move Spin Out
0%
Move Spirit Break
0%
Move Spirit Shackle
0%
Move Spite
0%
Move Splintered Stormshards
0%
Move Splishy Splash
0%
Move Spotlight
0%
Move Springtide Storm
0%
Move Steam Eruption
0%
Move Steamroller
0%
Move Steel Roller
0%
Move Stockpile
0%
Move Stoked Sparksurfer
0%
Move Stomping Tantrum
0%
Move Stone Axe
0%
Move Stored Power
0%
Move Storm Throw
0%
Move Strange Steam
0%
Move Strength Sap
0%
Move Struggle Bug
0%
Move Stuff Cheeks
0%
Move Stun Spore
0%
Move Subzero Slammer
0%
Move Sucker Punch
0%
Move Sunsteel Strike
0%
Move Supercell Slam
0%
Move Superpower
0%
Move Supersonic Skystrike
0%
Move Surging Strikes
0%
Move Sweet Scent
0%
Move Switcheroo
0%
Move Synchronoise
0%
Move Syrup Bomb
0%
Move Tachyon Cutter
0%
Move Tail Slap
0%
Move Tailwind
0%
Move Take Heart
0%
Move Tar Shot
0%
Move Taunt
0%
Move Tearful Look
0%
Move Teatime
0%
Move Tectonic Rage
0%
Move Telekinesis
0%
Move Temper Flare
0%
Move Tera Blast
0%
Move Tera Starstorm
0%
Move Terrain Pulse
0%
Move Thrash
0%
Move Throat Chop
0%
Move Thunder Cage
0%
Move Thunderclap
0%
Move Thunderous Kick
0%
Move Tickle
0%
Move Tidy Up
0%
Move Torch Song
0%
Move Torment
0%
Move Toxic Thread
0%
Move Trailblaze
0%
Move Trick-or-Treat
0%
Move Triple Arrows
0%
Move Triple Dive
0%
Move Trop Kick
0%
Move Trump Card
0%
Move Twin Beam
0%
Move Twineedle
0%
Move Upper Hand
0%
Move Uproar
0%
Move Veevee Volley
0%
Move Venom Drench
0%
Move Venoshock
0%
Move Victory Dance
0%
Move Vise Grip
0%
Move Vital Throw
0%
Move Water Pledge
0%
Move Wave Crash
0%
Move Wicked Blow
0%
Move Wicked Torque
0%
Move Wildbolt Storm
0%
Move Wild Charge
0%
Move Withdraw
0%
Move Wonder Room
0%
Move Wood Hammer
0%
Move Work Up
0%
Move Worry Seed
0%
Move Wrap
0%
Move Yawn
0%
Move Zen Headbutt
0%
Move Zippy Zap
0%
No matching quizzes found
Score Distribution
Percent of People with Each Score
Percentile by Number Answered
Your Score History
You have not taken this quiz since the last reset